Saqafat ki talash/ (Record no. 329694)
[ view plain ]
| 000 -LEADER | |
|---|---|
| fixed length control field | 00621 a2200217 4500 |
| 001 - CONTROL NUMBER | |
| control field | 54505 |
| 003 - CONTROL NUMBER IDENTIFIER | |
| control field | NUST |
| 005 - DATE AND TIME OF LATEST TRANSACTION | |
| control field | 20250305095202.0 |
| 008 - FIXED-LENGTH DATA ELEMENTS--GENERAL INFORMATION | |
| fixed length control field | 170518b xxu||||| |||| 00| 0 eng d |
| 040 ## - CATALOGING SOURCE | |
| Transcribing agency | NUST |
| 082 ## - DEWEY DECIMAL CLASSIFICATION NUMBER | |
| Classification number | 891.4393 |
| Author Mark | HIJ |
| 100 ## - MAIN ENTRY--PERSONAL NAME | |
| Personal name | Nasim Hijazi |
| 9 (RLIN) | 1042 |
| 245 ## - TITLE STATEMENT | |
| Title | Saqafat ki talash/ |
| Statement of responsibility, etc. | by Nasim Hijazi |
| 300 ## - PHYSICAL DESCRIPTION | |
| Extent | 124 p. |
| 546 ## - LANGUAGE NOTE | |
| Language note | In urdu |
| 651 ## - SUBJECT ADDED ENTRY--GEOGRAPHIC NAME | |
| Geographic name | Urdu Literature |
| 9 (RLIN) | 1043 |
| 880 ## - ALTERNATE GRAPHIC REPRESENTATION | |
| Title | ثقافت کی تلاش |
| Linkage | 245-02\(3\r |
| c | نسیم حجازی |
| 880 ## - ALTERNATE GRAPHIC REPRESENTATION | |
| Title | نسیم حجازی |
| Linkage | 100-01\(3\r |
| 880 ## - ALTERNATE GRAPHIC REPRESENTATION | |
| Title | لاہور: |
| Linkage | 260-03\(3\r |
| b | جہانگیر بکس، |
| c | 2002 |
| 942 ## - ADDED ENTRY ELEMENTS (KOHA) | |
| Koha item type | Book |
| -- | Book |
| Source of classification or shelving scheme | |
| Withdrawn status | Lost status | Source of classification or shelving scheme | Damaged status | Not for loan | Permanent Location | Current Location | Shelving location | Date acquired | Total Checkouts | Full call number | Barcode | Date last seen | Date last checked out | Copy number | Price effective from | Koha item type | Source of acquisition |
|---|---|---|---|---|---|---|---|---|---|---|---|---|---|---|---|---|---|
| Central Library (CL) | Central Library (CL) | Fiction | 05/18/2017 | 2 | 891.4397 HIJ | CL1808 | 12/27/2018 | 11/13/2018 | 1 | 05/18/2017 | Book | ||||||
| Central Library (CL) | Central Library (CL) | 03/05/2025 | 891.4393 HIJ | CL-D-2683 | 03/05/2025 | 03/05/2025 | Donation |
